000 00504nmm a2200169Ia 4500
008 251105s9999||||xx |||||||||||||||||und||
020 _a9788497427821
041 _aspa
100 _aRoselló Blanch, Pedro
245 0 _aLa teoría de las corrientes educativas
264 _a[Madrid, España] :
_bBiblioteca Nueva,
_c2007
300 _a192 páginas
490 _aMemoria y crítica de la educación
650 _aEducation
856 _uhttps://public.digitaliapublishing.com/a/45889
942 _cCF
999 _c90376
_d90376